Avaliação Externa Conjunta das Principais Capacidades Do RSI Da República de Cabo Verde : Relatório de Missão, 4-8 Novembro 2019.

Bibliographic Details
Format: eBook
Language:Portuguese
Published: Geneva : World Health Organization, 2020.
Edition:1st ed.
Subjects:
Online Access:Click to View
LEADER 02458nam a22003253i 4500
001 EBC31498748
003 MiAaPQ
005 20240729202206.0
006 m o d |
007 cr cnu||||||||
008 240729s2020 xx o ||||0 por d
020 |a 9789240014435  |q (electronic bk.) 
035 |a (MiAaPQ)EBC31498748 
035 |a (Au-PeEL)EBL31498748 
040 |a MiAaPQ  |b eng  |e rda  |e pn  |c MiAaPQ  |d MiAaPQ 
245 1 0 |a Avaliação Externa Conjunta das Principais Capacidades Do RSI Da República de Cabo Verde :  |b Relatório de Missão, 4-8 Novembro 2019. 
250 |a 1st ed. 
264 1 |a Geneva :  |b World Health Organization,  |c 2020. 
264 4 |c {copy}2020. 
300 |a 1 online resource (84 pages) 
336 |a text  |b txt  |2 rdacontent 
337 |a computer  |b c  |2 rdamedia 
338 |a online resource  |b cr  |2 rdacarrier 
505 0 |a Intro -- Agradecimentos -- Siglas e Acrónimos -- Resumo -- Pontuações e acções prioritárias -- PREVENIR -- AT 1 Legislação, políticas e financiamento nacionais -- AT 2 Coordenação, comunicação e advocacia do RSI -- AT 3 Resistência aos antimicrobianos -- AT 4 Zoonoes -- AT 5 Segurança Sanitária dos Alimentos -- AT 6 Biossegurança e Bioproteção -- AT 7 Vacinação -- DETECTAR -- AT 8 Sistema nacional de laboratório -- AT 9 Vigilância -- AT 10 Notificação -- AT 11 Recursos Humanos -- RESPOSTA -- AT 12 Preparação de Emergências -- AT 13 Operações de Resposta a Emergências -- AT 14 Ligações entre as autoridades de saúde pública e de segurança -- AT 15 Contramedidas médicas e mobilização de pessoal -- AT 16 Comunicação de risco -- RISCOS RELACIONADOS COM O RSI E PONTOS DE ENTRADA -- AT 17 - Pontos de entrada (PdE) -- AT18 Ocorrências químicas -- AT 19 Emergências radiológicas -- Anexo 1: Contexto da JEE. 
588 |a Description based on publisher supplied metadata and other sources. 
590 |a Electronic reproduction. Ann Arbor, Michigan : ProQuest Ebook Central, 2024. Available via World Wide Web. Access may be limited to ProQuest Ebook Central affiliated libraries.  
655 4 |a Electronic books. 
776 0 8 |i Print version:  |t Avaliação Externa Conjunta das Principais Capacidades Do RSI Da República de Cabo Verde  |d Geneva : World Health Organization,c2020 
797 2 |a ProQuest (Firm) 
856 4 0 |u https://ebookcentral.proquest.com/lib/matrademy/detail.action?docID=31498748  |z Click to View